Programa de descomposición multivariada de Indices de Theil

Spremljeno u:
Bibliografski detalji
Glavni autor: Gutiérrez M, Jorge
Format: Tekst
Izdano: s.l.e.: CEPAL. Banco Mundial
Oznake: Dodaj oznaku
Bez oznaka, Budi prvi tko označuje ovaj zapis!

MARC

LEADER 00000 a a2200000 04500
001 19237
003
040
090 |a 019500  
100 |a Gutiérrez M, Jorge  
245 |a Programa de descomposición multivariada de Indices de Theil  
260 |a s.l.e.:   |b CEPAL. Banco Mundial  
300 |a 20 p.  
999 |c 795  |d 795